遇邪記 : 秉燭夜譚之一
| 資料類型: | 圖書 | 書目號: | 3553 |
Leader xxxxxxxxxx 001 __ PCLIS00003553 005 __ 20220412163808.0 010 0_ |b平裝|dNT$50 100 __ |a19870509d1984 m y0chiy09 e 101 0_ |achi 102 __ |atw 105 __ |aa z 000ay 200 1_ |a遇邪記|e秉燭夜譚之一|f司馬中原著 205 __ |a這一版 210 __ |a臺北巿|c皇冠|d民73[1984] 215 0_ |a292面|c圖|d19公分 225 2_ |a秉燭夜譚|v1 225 1_ |a皇冠叢書|v第364種 300 __ |a語文--短篇小說 300 __ |a作者本名吳延玫 410 _1 |12001 |a秉燭夜譚 517 1_ |a秉燭夜譚之一|zchi 681 __ |a857.63|bb8436 681 __ |a857.6|bb8436 88 c1 700 _0 |a司馬|b中原|4著 801 _0 |atw|b內湖高中|c20010622 801 _2 |atw|b內湖高中|c20220412|gCCR |